El Banco Mundial: un caso de progresismo conservador /

Na minha lista:
Detalhes bibliográficos
Autor principal: Zúñiga S., María de los Angeles
Outros Autores: Payer, Cheryl Moore Lappé, Frances Collins, Joseph Keene, Beverly Torres, Claudio Carty, Robert Assmann, Hugo edit
Formato: Texto
Publicado em: San José: DEI
Tags: Adicionar Tag
Sem tags, seja o primeiro a adicionar uma tag!

MARC

LEADER 00000 a a2200000 04500
001 22645
003
040
090 |a 155200  
100 |a Zúñiga S., María de los Angeles  
245 |a El Banco Mundial: un caso de progresismo conservador /  |c María de los Angeles Zúñiga S. 
260 |a San José:   |b DEI  
300 |a 247 p  
700 |a Payer, Cheryl   |a Moore Lappé, Frances   |a Collins, Joseph   |a Keene, Beverly   |a Torres, Claudio   |a Carty, Robert   |a Assmann, Hugo   |a edit.  
999 |c 14314  |d 14314